Mort subite - Les chansons de Taylor Swift - Statistiques

Statistiques générales
  • Ce quiz a été pris 597 fois
  • Le résultat moyen est 11 sur 17
Answers on the Grid
Answers color-coded by a green-red scale on the quiz's grid according to % correct below.
Fortnight
Snake
cardigan
Girls War
I Can Do It With a Broken Heart
Don't Blame Me
I Don't Wanna Live Forever
Romeo
Shake It Off
Look What You Made Me Do
1989
22
Love Story
I Knew You Were Trouble
Bad Blood
Fortnite
Pink Heart
Lover
Fire
august
Cruel Summer
Haters Gonna Hate
It's Me, Hi!
Anti-Hero
That's So True
Karma
You Didn't Tell Me You Were Bad
Blank Space
 
Statistiques - réponses
Réponse % Correct
Shake It Off
88%
cardigan
75%
Fortnight
75%
Don't Blame Me
74%
Look What You Made Me Do
73%
Love Story
72%
Cruel Summer
71%
Bad Blood
66%
Blank Space
64%
I Knew You Were Trouble
64%
I Can Do It With a Broken Heart
63%
22
61%
Anti-Hero
60%
Lover
60%
Karma
59%
august
58%
I Don't Wanna Live Forever
58%
Aucun quiz correspondant
Distribution des résultats
% des personnes avec chaque résultat
Percentile par nombre de réponses
Votre historique - résultats
Vous n’avez pas pris ce quiz